<?xml version="1.0" encoding="UTF-8"?><?xml-stylesheet type="text/xsl" href="static/style.xsl"?><OAI-PMH xmlns="http://www.openarchives.org/OAI/2.0/" xmlns:xsi="http://www.w3.org/2001/XMLSchema-instance" xsi:schemaLocation="http://www.openarchives.org/OAI/2.0/ http://www.openarchives.org/OAI/2.0/OAI-PMH.xsd"><responseDate>2026-04-17T00:47:03Z</responseDate><request verb="GetRecord" identifier="oai:www.recercat.cat:2117/102331" metadataPrefix="marc">https://recercat.cat/oai/request</request><GetRecord><record><header><identifier>oai:recercat.cat:2117/102331</identifier><datestamp>2026-01-17T01:13:00Z</datestamp><setSpec>com_2072_1033</setSpec><setSpec>col_2072_452949</setSpec></header><metadata><record xmlns="http://www.loc.gov/MARC21/slim" xmlns:dcterms="http://purl.org/dc/terms/" xmlns:xsi="http://www.w3.org/2001/XMLSchema-instance" xmlns:doc="http://www.lyncode.com/xoai" xsi:schemaLocation="http://www.loc.gov/MARC21/slim http://www.loc.gov/standards/marcxml/schema/MARC21slim.xsd">
   <leader>00925njm 22002777a 4500</leader>
   <datafield ind2=" " ind1=" " tag="042">
      <subfield code="a">dc</subfield>
   </datafield>
   <datafield ind2=" " ind1=" " tag="720">
      <subfield code="a">Bueno, Ayrton Portilho</subfield>
      <subfield code="e">author</subfield>
   </datafield>
   <datafield ind2=" " ind1=" " tag="260">
      <subfield code="c">2016-05-31</subfield>
   </datafield>
   <datafield ind2=" " ind1=" " tag="520">
      <subfield code="a">Benidorm, na costa alicantina, na Espanha, e Balneário Camboriú, no sul do Brasil, são cidades onde o&#xd;
turismo de sol e praia assumiu características urbanas. Têm similitudes paisagísticas e funcionais, pelos&#xd;
seus skylines e por apresentarem alojamentos turísticos e de segunda residência. Buscando entender&#xd;
comparativamente as duas cidades, analisaram-se suas relações com o território e o ambiente,&#xd;
acompanhando a evolução urbana de cada uma, relacionando-as aos processos sócio-econômicos,&#xd;
culturais e aspectos institucionais que permitiram e orientaram seus desenvolvimentos. Num recorte&#xd;
morfológico, analisou-se o tecido urbano, em especial das primeiras franjas junto à costa, comparando-se&#xd;
alguns aspectos visíveis dos tecidos urbanos que estão relacionados com a ambiência e a qualidade de&#xd;
vida nesses assentamentos. Percebeu-se que os tecidos urbanos de cada cidade, tiveram processos de&#xd;
ordenação territorial diferenciados que se refletem em ambientes urbanos de qualidades também diferentes.</subfield>
   </datafield>
   <datafield ind2=" " ind1=" " tag="520">
      <subfield code="a">Benidorm, in alicantina coast, Spain, and Camboriú in southern Brazil, are cities where the sun and beach&#xd;
tourism has developed with urban model. They have similarities landscape and functional by their skylines&#xd;
and by present tourist and second home accommodations. Seeking understand the two cities&#xd;
comparatively, we analyzed their relations with the territory and the environment, following the urban&#xd;
evolution of each one, relating them to the social-economic processes, cultural and institutional aspects that&#xd;
led and guided their development. In a morphological approach, the urban tissue was analyzed, especially&#xd;
the first fringes along the coast, compared to some visible aspects of the urban fabric that are related to the&#xd;
ambience and quality of life in these settlements. It was noticed that the urban fabric of each city, had distinct&#xd;
territorial ordering processes that are reflected in urban environments also different qualities.</subfield>
   </datafield>
   <datafield tag="653" ind2=" " ind1=" ">
      <subfield code="a">Àrees temàtiques de la UPC::Urbanisme</subfield>
   </datafield>
   <datafield tag="653" ind2=" " ind1=" ">
      <subfield code="a">Tourist trade and city planning -- Spain -- Benidorm</subfield>
   </datafield>
   <datafield tag="653" ind2=" " ind1=" ">
      <subfield code="a">Tourist trade and city planning -- Brazil -- Balneário de Camboriú</subfield>
   </datafield>
   <datafield tag="653" ind2=" " ind1=" ">
      <subfield code="a">Benidorm</subfield>
   </datafield>
   <datafield tag="653" ind2=" " ind1=" ">
      <subfield code="a">Balneário Camboriú</subfield>
   </datafield>
   <datafield tag="653" ind2=" " ind1=" ">
      <subfield code="a">Turismo</subfield>
   </datafield>
   <datafield tag="653" ind2=" " ind1=" ">
      <subfield code="a">Morfologia Urbana</subfield>
   </datafield>
   <datafield tag="653" ind2=" " ind1=" ">
      <subfield code="a">Tourism</subfield>
   </datafield>
   <datafield tag="653" ind2=" " ind1=" ">
      <subfield code="a">Urban Morphology</subfield>
   </datafield>
   <datafield tag="653" ind2=" " ind1=" ">
      <subfield code="a">Turisme i urbanisme -- País Valencià -- Benidorm</subfield>
   </datafield>
   <datafield tag="653" ind2=" " ind1=" ">
      <subfield code="a">Turisme i urbanisme -- Brasil -- Balneário de Camboriú</subfield>
   </datafield>
   <datafield ind2="0" ind1="0" tag="245">
      <subfield code="a">Benidorm e Balneário Camboriú: comparações entre ícones do turismo de sol e praia urbano</subfield>
   </datafield>
</record></metadata></record></GetRecord></OAI-PMH>